000 01309nam a2200361 c 4500
001 20148
003 ES-MaCES
005 20141221122639.0
008 070530s2007 sp d rs o000 | spa d
017 _aM-28307-2002
_bDL
024 7 _a605-07-026-5
_2nipo
035 _aCES20070006668m
040 _aES-MaCES
_bspa
_cES-MaCES
245 0 0 _aPadrón 2006
_pExplotación estadística, cifras oficiales de población, secciones censales y nomenclátor a 1 de enero de 2006
_hRecurso electrónico
_cInstituto Nacional de Estadística
260 _aMadrid
_bINE
_c[2007]
300 _a1 CD-ROM
_c12 cm
500 _aTít. tomado de la etiqueta del CD-ROM
500 _aCaracterísticas del sistema: sistema operativo windows 95/98
541 _cGratuito
650 4 _acenso de población
_930616
650 4 _aEspaña
_926964
650 4 _anivel regional
_930617
650 4 _anivel local
_927220
650 4 _a2006
_931838
650 4 _adatos estadísticos
_930765
650 4 _aCD ROM
_930331
653 1 0 _aEstadísticas demográficas-Población-Movimientos migratorios
710 2 _aInstituto Nacional de Estadística (España)
_94273
787 0 _tPadrón 2005
_w(ES-MaCES)18766
902 _aELE PUB. ELECTRONICA
942 _2CES
_cBK
_h8.1.
999 _c20148
_d20148